<?xml version="1.0" encoding="UTF-8"?>
<record
    xmlns:xsi="http://www.w3.org/2001/XMLSchema-instance"
    xsi:schemaLocation="http://www.loc.gov/MARC21/slim http://www.loc.gov/standards/marcxml/schema/MARC21slim.xsd"
    xmlns="http://www.loc.gov/MARC21/slim">

  <leader>00755nab a2200217 uc4500</leader>
  <controlfield tag="001">545964</controlfield>
  <controlfield tag="005">20250227090154.0</controlfield>
  <controlfield tag="008">990907e19981201                    spa  </controlfield>
  <datafield tag="035" ind1=" " ind2=" ">
    <subfield code="a">545964</subfield>
  </datafield>
  <datafield tag="035" ind1=" " ind2=" ">
    <subfield code="a">(OCoLC)819809221</subfield>
  </datafield>
  <datafield tag="040" ind1=" " ind2=" ">
    <subfield code="c">comduadb</subfield>
  </datafield>
  <datafield tag="041" ind1=" " ind2=" ">
    <subfield code="a">spa</subfield>
  </datafield>
  <datafield tag="100" ind1="1" ind2="0">
    <subfield code="a">Clemente, Rosa Ana</subfield>
    <subfield code="4">aut</subfield>
    <subfield code="e">aut</subfield>
    <subfield code="9">499041</subfield>
  </datafield>
  <datafield tag="245" ind1="1" ind2="3">
    <subfield code="a">La adquisicion linguistica y los inicios lectores en el hogar : la tarea de mirar cuentos con los adultos de apego</subfield>
  </datafield>
  <datafield tag="650" ind1=" " ind2=" ">
    <subfield code="a">Desarrollo del lenguaje</subfield>
    <subfield code="9">45502</subfield>
  </datafield>
  <datafield tag="650" ind1=" " ind2="7">
    <subfield code="a">Cuentos</subfield>
    <subfield code="2">lemb</subfield>
    <subfield code="9">41146</subfield>
  </datafield>
  <datafield tag="650" ind1=" " ind2="7">
    <subfield code="a">Padres e hijos</subfield>
    <subfield code="2">lemb</subfield>
    <subfield code="9">31948</subfield>
  </datafield>
  <datafield tag="700" ind1="1" ind2="0">
    <subfield code="a">Codes, Sonia</subfield>
    <subfield code="4">aut</subfield>
    <subfield code="e">aut</subfield>
    <subfield code="9">297380</subfield>
  </datafield>
  <datafield tag="773" ind1="0" ind2=" ">
    <subfield code="t">Cultura y Educaci&#xF3;n (Madrid)</subfield>
    <subfield code="g">N&#xFA;mero 11-12, Diciembre 1998, p. 127-142</subfield>
    <subfield code="w">110719</subfield>
    <subfield code="x">1135-6405</subfield>
    <subfield code="0">88459</subfield>
  </datafield>
  <datafield tag="942" ind1=" " ind2=" ">
    <subfield code="c">ARIMP</subfield>
  </datafield>
  <datafield tag="999" ind1=" " ind2=" ">
    <subfield code="c">135319</subfield>
    <subfield code="d">135319</subfield>
  </datafield>
</record>
